00813nam a2200157 a 450000100080000000500110000800800410001910000340006024501100009426001270020450000110033152002540034265000130059670000280060970000180063721461962023-12-11 1978 bl uuuu u00u1 u #d1 aNASCIMENTO, M. do P. S. C. B. aCapacidade de troca de cations de capim-gordura, capim-jaraguá e capim-colonião.h[electronic resource] aIn: REUNIAO DA SOCIEDADE BRASILEIRA DE ZOOTECNIA, 15., 1978, Belém, PA. Anais... Belém, PA: SBZ, 1978. p. 299-300.c1978 aResumo aNo presente trabalho, conduzido em casa de vegetação, determinou-se a CTC do sistema radicular do capim-gordura, capim-jaraguá e capim-colonião às idades de 7 - 21 - 35 - 49 e 63 dias, em 3 crescimentos (um crescimento inicial e duas rebrotas). aPastagem1 aNASCIMENTO, H. T. S. do1 aGOMIDE, J. A.